| 000 | 00987nas a2200361 4500 | ||
|---|---|---|---|
| 001 | BR0900497 | ||
| 003 | BR-BrBNA | ||
| 005 | 20231205113039.0 | ||
| 007 | ta | ||
| 008 | 230509b bl.|||p| |||| 00| 00por d | ||
| 040 |
_aBR-BrBNA _bpor _cBiblioteca Nacional de Agricultura |
||
| 041 | _a(Pt) | ||
| 072 | _aU40; P35 | ||
| 100 | 1 | _aPovh, F.P. | |
| 100 | 1 | _aMolin, J.P. | |
| 100 | 1 | _aGimenez, L.M. | |
| 100 | 1 | _aPauletti, V. | |
| 100 | 1 | _aMolin, R. | |
| 100 | 1 | _aSalvi, J.V. | |
| 245 | 1 | _aComportamento do NDVI obtido por sensor ótico ativo em cereais | |
| 650 | _aTRIGO | ||
| 650 | _aCEVADA | ||
| 650 | _aMILHO | ||
| 650 | _aVEGETAÇÃO | ||
| 650 | _aNITROGÊNIO | ||
| 650 | _aSENSORIAMENTO REMOTO | ||
| 650 | _aPRODUTIVIDADE | ||
| 650 | _aSOLO | ||
| 650 | _aPARANÁ | ||
| 773 | 0 |
_tPesquisa Agropecuária Brasileira (Brazil) _xISSN 0100-204X _g(Aug 2008), v. 43(8) p. 1075-1083 _wBR0900497 |
|
| 909 |
_a202311 _bLúcia _c55 _dLúcia Elande |
||
| 942 |
_2AGRIS _n0 _cANA |
||
| 999 |
_c201514 _d201514 |
||